000 00616cam a2200217 4500
001 D8495
008 071126s1981 xxka f 000 0deng
035 _a(Sirsi) u13437
041 _aeng
050 0 4 _a920 $2 18
110 2 _aSt. Quintin
245 0 4 _aThe history of St. Quintin Chartered Surveyors 1831 - 1981
260 _aLondon
_bSt Quintin (Management Services) Ltd
_c1981
300 _a62p.
_bill.
_c22cm
350 _a0
520 _aA history of the form of St. Quintin.
651 4 _aUnited Kingdom
_y
690 _aABOUT RICS-RICS MEMBERS-CHARTERED SURVEYORS
942 _n0
948 _c04/03/1997
999 _c87095
_d87095